[Event "New York Kavkasian"]
[Site "New York"]
[Date "1983.??.??"]
[Round "?"]
[White "Kudrin, Sergey"]
[Black "Zaltsman, Vitaly F"]
[Result "1-0"]
[WhiteElo "2510"]
[BlackElo "2390"]

1.e4 c5 2.Nf3 Nc6 3.d4 cxd4 4.Nxd4 Nf6 5.Nc3 d6 6.f3 e5 7.Nb3 Be7 8.Be3 O-O
9.Qd2 a5 10.Bb5 Be6 11.O-O-O Qc7 12.Qf2 Rfc8 13.Kb1 b6 14.g4 Nd7 15.h4 Nc5
16.Nd5 Bxd5 17.exd5 Na7 18.Nxc5 bxc5 19.Ba4 Rcb8 20.c3 Rb6 21.Bc1 Rab8 22.Ka1 Nb5
23.Bg5 Qb7 24.Rd2 f6 25.Be3 f5 26.gxf5 Bf6 27.Bg5 Qf7 28.Qe3 c4 29.Rg1 Nc7
30.Qe4 Na6 31.Be3 Nc5 32.Bxc5 dxc5 33.d6  1-0

[Event "New York Kavkasian"]
[Site "New York"]
[Date "1983.??.??"]
[Round "?"]
[White "Kudrin, Sergey"]
[Black "Zapata, Alonso"]
[Result "1-0"]
[WhiteElo "2510"]
[BlackElo "2455"]

1.e4 c5 2.Nf3 e6 3.d4 cxd4 4.Nxd4 d6 5.c4 Nf6 6.Nc3 Be7 7.Be3 O-O 8.Be2 Nc6
9.O-O Bd7 10.Ndb5 Qb8 11.f4 Rd8 12.Bf3 Be8 13.Qe2 a6 14.Na3 Nd7 15.Rfd1 Qc7
16.Rac1 Nc5 17.Nc2 Rac8 18.Kh1 Qb8 19.Bg1 b6 20.Ne3 Na7 21.f5 b5 22.b4 Nd7
23.Bg4 Nf8 24.Rf1 Bf6 25.Bh3 bxc4 26.Ng4 Bg5 27.Be3 Bxe3 28.Qxe3 exf5 29.exf5 f6
30.Nd5 Bf7 31.Nh6+ gxh6 32.Nxf6+ Kh8 33.Qxh6 c3 34.Rf4 Bxa2 35.Rg4 Qb7 36.Nh5 Qf7
37.Rg7 Rd7 38.f6 Ne6 39.Rxf7 Rxf7 40.Bxe6 Bxe6 41.Qe3 Nb5 42.Qxe6 Rcf8 43.g4 Rc7  1-0

[Event "New York"]
[Site "New York"]
[Date "1983.??.??"]
[Round "4"]
[White "Gurevich, Dmitry"]
[Black "Kudrin, Sergey"]
[Result "1/2-1/2"]
[WhiteElo "2470"]
[BlackElo "2505"]

1.c4 e6 2.Nf3 Nf6 3.d4 b6 4.g3 Bb7 5.Bg2 Be7 6.O-O O-O 7.Nc3 Ne4 8.Nxe4 Bxe4
9.Ne1 Bxg2 10.Nxg2 d6 11.b3 Nd7 12.Bb2 c6 13.e3 d5 14.Nf4  1/2-1/2

[Event "New York"]
[Site "New York"]
[Date "1983.??.??"]
[Round "8"]
[White "Kudrin, Sergey"]
[Black "Bisguier, Arthur Bernard"]
[Result "1/2-1/2"]
[WhiteElo "2505"]
[BlackElo "2430"]

1.e4 e5 2.Nf3 Nc6 3.Bc4 Nf6 4.d3 Bc5 5.c3 a6 6.O-O d6 7.Bb3 O-O 8.Bg5 h6
9.Bh4 Bg4 10.h3 Bd7 11.Nbd2 Kh7 12.Kh1 Qe7 13.Nc4 Rad8 14.Ne3 Bxe3 15.fxe3 Rg8
16.Bxf6 gxf6 17.Nh4 Rg3 18.Rf3 Rdg8 19.Qf1 Rxf3 20.Qxf3 Rg5 21.Rf1 Kg7 22.Qf2 Be6
23.Bd1 Qd8 24.Nf3 Rg6 25.Nh4 Rg5 26.Kh2 Nb8 27.Nf3 Rg6 28.Nh4 Rg5 29.d4 Bxa2
30.Nf3 Rg6 31.Nh4 Rg5 32.Nf5+ Kh7 33.b3 Bb1 34.Qh4 Qf8 35.Ng3 Qg7 36.Bg4 Bd3
37.Rf2 Bb5 38.Nh5 Qf8 39.Rxf6 Bd7 40.Be2 Be6 41.Rf1 Qe7 42.Nf6+ Kg7 43.Qf2 Rg6
44.Nh5+ Kg8 45.b4 Kf8 46.Ng3 Rg7 47.c4 Qh4 48.c5 Kg8 49.Qf3 Bg4 50.Qxg4 Rxg4
51.Bxg4 Nc6 52.d5 Ne7 53.cxd6 cxd6 54.Rc1 b6 55.Ra1 Qg5 56.Rxa6 Qxe3 57.Ra8+ Kh7
58.Ra7 Qg5 59.Rd7 Qf6 60.Nh5 Qg5 61.Rxd6 f5 62.exf5 Nxf5 63.Rf6 Ne3 64.Rf7+ Kg8
65.Rg7+ Qxg7 66.Nxg7 Kxg7 67.Bf3 Nc2 68.b5 Kf6 69.Be4 Nd4 70.Bd3 e4 71.Bxe4 Nxb5
72.Kg3 Ke5 73.Bd3 Nc3 74.d6 Kxd6 75.Kg4 Nd5 76.g3 Ke5 77.Kh5 Kd4 78.Ba6 Ke3
79.Bc4 Nf6+ 80.Kg6 Ne4 81.g4 Nf2 82.Bf1 Kf4 83.Kh5 Kg3 84.Kxh6 Nxg4+ 85.hxg4 Kxg4  1/2-1/2

[Event "New York"]
[Site "New York"]
[Date "1983.??.??"]
[Round "9"]
[White "Burger, Karl"]
[Black "Kudrin, Sergey"]
[Result "0-1"]
[WhiteElo "2360"]
[BlackElo "2505"]

1.Nf3 c5 2.c4 g6 3.Nc3 Bg7 4.d4 cxd4 5.Nxd4 Nc6 6.Nc2 d6 7.e4 Bxc3+ 8.bxc3 Qa5
9.Bd2 Nf6 10.f3 O-O 11.Be2 Be6 12.Nd4 Nd7 13.Rb1 Nc5 14.O-O Ne5 15.f4 Nxc4
16.Rb5 Qxa2 17.Bc1 Nxe4 18.Rb3 Rac8 19.Nxe6 fxe6 20.Bg4 Nc5 21.Rb4 d5 22.Rxb7 h5
23.Bxe6+ Nxe6 24.Qxd5 Qe2 25.Rxe7 Rfe8 26.Rf2 Qe1+ 27.Rf1 Qxf1+ 28.Kxf1 Rxe7
29.h3 Rc5 30.Qe4 Kf7 31.g4 hxg4 32.hxg4 Rd7 33.Kg2 Ng7 34.Kg3 Nd6 35.Qe3 Ndf5+
36.gxf5 Nxf5+ 37.Kf3  0-1

[Event "New York"]
[Site "New York"]
[Date "1983.??.??"]
[Round "11"]
[White "Frias, Victor J"]
[Black "Kudrin, Sergey"]
[Result "1/2-1/2"]
[WhiteElo "2440"]
[BlackElo "2505"]

1.c4 c5 2.Nf3 g6 3.d4 Bg7 4.d5 Nf6 5.Nc3 d6 6.e4 O-O 7.h3 a6 8.a4 e6 9.Bd3 exd5
10.exd5 Re8+ 11.Be3 Bh6 12.O-O Bxe3 13.fxe3 Qe7 14.Qc2 Qxe3+ 15.Rf2 Qh6 16.Raf1 Re7
17.Nh2 Ne8 18.Re2 Qf8  1/2-1/2

[Event "Beersheba"]
[Site "Beersheba"]
[Date "1984.??.??"]
[Round "1"]
[White "Gurevich, Dmitry"]
[Black "Kudrin, Sergey"]
[Result "1/2-1/2"]
[WhiteElo "2545"]
[BlackElo "2520"]

1.e4 c5 2.Nf3 e6 3.d4 cxd4 4.Nxd4 Nf6 5.Nc3 d6 6.Be2 Be7 7.O-O a6 8.a4 O-O
9.f4 Nc6 10.Be3 Qc7 11.Kh1 Rd8 12.Qe1 Nxd4 13.Bxd4 e5 14.Bg1 exf4 15.a5 Re8
16.Bb6 Qb8 17.Ra4 Be6 18.Qd2 Nd7  1/2-1/2

[Event "Beersheba"]
[Site "Beersheba"]
[Date "1984.??.??"]
[Round "3"]
[White "Pasman, Michael"]
[Black "Kudrin, Sergey"]
[Result "0-1"]
[WhiteElo "2335"]
[BlackElo "2520"]

1.e4 c5 2.c3 d5 3.exd5 Qxd5 4.d4 Nf6 5.Nf3 e6 6.Bd3 Be7 7.c4 Qh5 8.dxc5 O-O
9.Nc3 Rd8 10.Qe2 Na6 11.Bc2 Nxc5 12.b4 Ncd7 13.a3 b6 14.Ne4 Bb7 15.Bb2 a5
16.g4 Qxg4 17.Rg1 Qf4 18.Bc1 Qc7 19.Bh6 g6 20.Neg5 Bxf3 21.Nxf3 axb4 22.h4 Nc5
23.Ng5 Rxa3 24.Rxa3 bxa3 25.Bb1 Qd6 26.Rg3 Nce4 27.Nxe4 Nxe4 28.Bxe4 a2  0-1

[Event "Beersheba"]
[Site "Beersheba"]
[Date "1984.??.??"]
[Round "4"]
[White "Kudrin, Sergey"]
[Black "Stepak, Yedael"]
[Result "1-0"]
[WhiteElo "2520"]
[BlackElo "2355"]

1.e4 Nf6 2.e5 Nd5 3.d4 d6 4.Nf3 Bg4 5.Be2 e6 6.O-O Be7 7.h3 Bh5 8.c4 Nb6
9.exd6 cxd6 10.Nbd2 Nc6 11.b3 Bg6 12.a3 Bf6 13.Bb2 a5 14.Re1 O-O 15.Rc1 e5
16.dxe5 dxe5 17.c5 Nd7 18.Bb5 e4 19.Bxf6 Nxf6 20.Nh4 Re8 21.Nxg6 hxg6 22.Nc4 Qc7
23.Qd6 Re7 24.Qxc7 Rxc7 25.Nd6 Nd4 26.Bc4 Re7 27.f3 e3 28.Rc3 e2 29.Kf2 Nh5
30.Bxe2 Nf4 31.Bf1 Nfe6 32.Bc4 Rc7 33.Re4 Kf8 34.Nxf7 Rxc5 35.Ne5 Ke7 36.Rce3 Rxc4
37.bxc4 Kf6 38.Nd7+ Kf7 39.Rd3 Rd8 40.Ne5+ Kf6 41.Ng4+ Kf7 42.c5 g5 43.Ne5+ Kf6
44.Nc4 Rd5 45.Nxa5 Nxc5 46.Rexd4 Nxd3+ 47.Ke3 Rxa5 48.Rxd3 Rb5 49.Kd4 Rb2
50.g4 Ke6 51.Kc4 Ke5 52.Rd7 g6 53.Rf7 Ke6 54.Rf8 Rh2 55.Rh8 Rf2 56.Re8+ Kd7
57.Re3 Kd6 58.Rb3 Rc2+ 59.Kd4 Rd2+ 60.Ke3 Ra2 61.f4 b5 62.fxg5 Kc5 63.Kf4 Kc6
64.Rf3 Kd5 65.h4 Rh2 66.h5 gxh5 67.gxh5 Rxh5 68.Kf5 Rh8 69.Rd3+ Kc4 70.Rg3 Kd5
71.Kf6 Rf8+ 72.Ke7 Ra8 73.g6 Ra7+ 74.Kf6 Ra6+ 75.Kg7 Ke5 76.Kh7  1-0

[Event "Beersheba"]
[Site "Beersheba"]
[Date "1984.??.??"]
[Round "8"]
[White "Unzicker, Wolfgang"]
[Black "Kudrin, Sergey"]
[Result "0-1"]
[WhiteElo "2455"]
[BlackElo "2520"]

1.e4 c5 2.Nf3 d6 3.d4 cxd4 4.Nxd4 Nf6 5.Nc3 g6 6.Be2 Bg7 7.O-O O-O 8.Nb3 Nbd7
9.Be3 a6 10.a4 b6 11.Qd2 Bb7 12.f3 Re8 13.Rfd1 Qc7 14.Bf1 Rac8 15.Qf2 e6
16.Rd2 Bf8 17.Rad1 h5 18.Be2 d5 19.exd5 exd5 20.Bd4 Bh6 21.Qh4 Re6 22.Bd3 Bxd2
23.Rxd2 Rce8 24.Ne2 Qd6 25.Qg3 Qxg3 26.hxg3 Ne5 27.Nf4 Rc6 28.Bf1 Nc4 29.Rd1 Ne3
30.Bxe3 Rxe3 31.Nd4 Rd6 32.a5 bxa5 33.Ra1 Rb6 34.Kf2 Re8 35.Nd3 Bc6 36.Rxa5 Bb5
37.b3 Kf8 38.Nxb5 axb5 39.b4 d4 40.Nc5 Kg7 41.Nb3 Nd5 42.Bxb5 Rc8 43.Nxd4 Nxb4
44.c4 Nd3+ 45.Ke3 Nb2  0-1

[Event "Beersheba"]
[Site "Beersheba"]
[Date "1984.??.??"]
[Round "10"]
[White "Shvidler, Eliahu"]
[Black "Kudrin, Sergey"]
[Result "0-1"]
[WhiteElo "2445"]
[BlackElo "2520"]

1.d4 Nf6 2.Nf3 e6 3.c4 c5 4.d5 exd5 5.cxd5 g6 6.Nc3 Bg7 7.Bf4 a6 8.a4 d6
9.e4 O-O 10.Be2 Bg4 11.O-O Bxf3 12.Bxf3 Qe7 13.Re1 Nbd7 14.a5 Rab8 15.Na4 Rfe8
16.Re2 h6 17.h3 Nh7 18.Bg4 Ne5 19.Nb6 h5 20.Bxe5 Bxe5 21.Bd7 Rf8 22.Ba4 Rbd8
23.Qd2 Bd4 24.Rae1 Qh4 25.Qd3 f5 26.g3 Qxh3 27.exf5 h4 28.Re3 Rxf5 29.gxh4 Qxh4  0-1

[Event "Beersheba"]
[Site "Beersheba"]
[Date "1984.??.??"]
[Round "11"]
[White "Kudrin, Sergey"]
[Black "Kindermann, Stefan"]
[Result "1-0"]
[WhiteElo "2520"]
[BlackElo "2470"]

1.e4 c5 2.Nf3 Nc6 3.d4 cxd4 4.Nxd4 Nf6 5.Nc3 e5 6.Ndb5 d6 7.Bg5 a6 8.Na3 b5
9.Bxf6 gxf6 10.Nd5 f5 11.c3 Bg7 12.exf5 Bxf5 13.Nc2 O-O 14.Nce3 Be6 15.Bd3 f5
16.Qh5 e4 17.Bc2 Ne7 18.Rd1 Ng6 19.f4 exf3 20.gxf3 Nh4 21.Bb3 Bf7 22.Nf4 Bxb3
23.axb3 Qe8 24.Kf2 Ng6 25.Ned5 Qf7 26.Rhg1 Qa7+ 27.Kf1 Nxf4 28.Nxf4 Rae8
29.Kg2 b4 30.Kh1 Re7 31.Rxd6 bxc3 32.bxc3 Qf2 33.Ne6 Rb8 34.Ng5 h6 35.Nh3 Qe3
36.Rxh6 Kf8 37.Rhg6 Rb6  1-0

[Event "Bor"]
[Site "Bor"]
[Date "1984.??.??"]
[Round "?"]
[White "Ilic, Zoran"]
[Black "Kudrin, Sergey"]
[Result "1/2-1/2"]
[WhiteElo "2440"]
[BlackElo "2550"]

1.d4 Nf6 2.Nf3 e6 3.c4 c5 4.d5 exd5 5.cxd5 d6 6.Nc3 g6 7.g3 Bg7 8.Bg2 O-O
9.O-O Re8 10.Nd2 Nbd7 11.a4 a6 12.Nc4 Nb6 13.Na3 Bf5 14.a5 Nc8 15.Nc4 b5
16.axb6 Nxb6 17.Na5 Be4 18.Nxe4 Nxe4 19.Qd3 Nf6 20.Ra2 Qc7 21.b3 Nfd7  1/2-1/2

[Event "Bor"]
[Site "Bor"]
[Date "1984.??.??"]
[Round "?"]
[White "Kudrin, Sergey"]
[Black "Arnason, Jon L"]
[Result "0-1"]
[WhiteElo "2550"]
[BlackElo "2505"]

1.e4 c5 2.Nf3 d6 3.d4 cxd4 4.Nxd4 Nf6 5.Nc3 a6 6.a4 Nc6 7.Be2 e6 8.O-O Be7
9.Be3 O-O 10.f4 Qc7 11.Kh1 Re8 12.Bg1 Rb8 13.Qd3 Nxd4 14.Bxd4 e5 15.Ba7 Ra8
16.Be3 exf4 17.Bxf4 Be6 18.Rad1 Red8 19.Qg3 Ne8 20.e5 dxe5 21.Bxe5 Bd6 22.Rxd6 Rxd6
23.Ne4 Qxc2 24.Nf6+ Nxf6 25.Bxf6 Bg4 26.Qxg4 Rxf6 27.Rxf6 h5 28.Qf5 Qxe2
29.Rxf7 Qe8  0-1

[Event "Bor"]
[Site "Bor"]
[Date "1984.??.??"]
[Round "?"]
[White "Jansa, Vlastimil"]
[Black "Kudrin, Sergey"]
[Result "1/2-1/2"]
[WhiteElo "2480"]
[BlackElo "2550"]

1.Nf3 Nf6 2.g3 b6 3.Bg2 Bb7 4.O-O c5 5.d3 d6 6.e4 Nbd7 7.Nbd2 g6 8.Nh4 Qc7
9.f4 Bg7 10.Kh1 Rd8 11.Qe2 O-O 12.g4 e6 13.g5 Nh5 14.Ndf3 Rde8 15.Bh3 f5
16.gxf6 Bxf6 17.Ng2 Qc6 18.Rb1 Bg7 19.Bd2 Bh6 20.f5 Bxd2 21.fxe6 Bh6 22.exd7 Rd8
23.Nd2 Nf6 24.Nf4 Bxf4 25.Rxf4 Nxd7 26.Be6+ Kg7 27.Rbf1 Rxf4 28.Rxf4 Rf8
29.Rxf8 Nxf8 30.Bd5  1/2-1/2

[Event "Bor"]
[Site "Bor"]
[Date "1984.??.??"]
[Round "?"]
[White "Kudrin, Sergey"]
[Black "Pavlovic, Dean"]
[Result "1-0"]
[WhiteElo "2550"]
[BlackElo "2265"]

1.e4 e5 2.Nf3 Nc6 3.Bc4 Bc5 4.c3 Nf6 5.b4 Bb6 6.d3 d6 7.O-O O-O 8.Nbd2 Ne7
9.Bb3 c6 10.Nc4 Bc7 11.Bg5 Ng6 12.Nh4 Nf4 13.Ne3 h6 14.Bxf6 Qxf6 15.Nhf5 d5
16.g3 Ng6 17.Ng4 Qd8 18.Qf3 Be6 19.h4 h5 20.Nh2 Nh8 21.exd5 cxd5 22.Ne3 d4
23.cxd4 exd4 24.Nc2 Bxb3 25.axb3 Bb6 26.Qxh5 Rc8 27.Ne1 Qd6 28.Nef3 f6 29.Rac1 Rc3
30.Rce1 Nf7 31.Qg6 Qd5 32.h5 Nh8 33.Qg4 f5 34.Qf4 Rxd3 35.h6  1-0

[Event "Bor"]
[Site "Bor"]
[Date "1984.??.??"]
[Round "?"]
[White "Kudrin, Sergey"]
[Black "Abramovic, Bosko"]
[Result "1-0"]
[WhiteElo "2550"]
[BlackElo "2480"]

1.e4 e5 2.Nf3 Nc6 3.Bc4 Be7 4.Bb3 Nf6 5.d3 O-O 6.O-O d6 7.c3 Bg4 8.Nbd2 Nd7
9.h3 Bh5 10.Re1 Nc5 11.Bc2 Ne6 12.Nf1 Kh8 13.Ng3 Bxf3 14.Qxf3 Bg5 15.a3 a5
16.Be3 a4 17.Rad1 f6 18.d4 Bxe3 19.Qxe3 Ne7 20.Bb1 Qe8 21.Ne2 b5 22.g3 c5
23.f4 c4 24.Rf1 Qc6 25.Kh2 Qb6 26.Qf3 exd4 27.Nxd4 Nc5 28.Qg4 g6 29.h4 Rae8
30.h5 d5 31.hxg6 hxg6 32.exd5 f5 33.Qg5 Kg7 34.Rfe1 Rh8+ 35.Kg2 Kf7 36.g4 Nxd5
37.gxf5 Nd3 38.Bxd3 cxd3 39.Re6 Ne3+ 40.Kg1  1-0

[Event "New York op"]
[Site "New York"]
[Date "1984.??.??"]
[Round "1"]
[White "Kudrin, Sergey"]
[Black "Saidy, Anthony Fred"]
[Result "1-0"]
[WhiteElo "2520"]
[BlackElo "2410"]

1.e4 c6 2.c4 d5 3.exd5 cxd5 4.cxd5 Nf6 5.Nc3 Nxd5 6.d4 Nc6 7.Bc4 e6 8.Nf3 Be7
9.O-O O-O 10.a3 Nxc3 11.bxc3 b6 12.Bd3 Bf6 13.Re1 Bb7 14.Qc2 g6 15.Bh6 Re8
16.Rad1 Rc8 17.Qd2 e5 18.h4 exd4 19.Qf4 Bh8 20.Ng5 Qf6 21.Qg3 Ne5 22.Bb5 Rxc3
23.Qxc3 dxc3 24.Bxe8 Bg7 25.Bxf7+ Kf8 26.Bb3 Bxh6 27.Nxh7+ Kg7 28.Nxf6 Kxf6
29.Rd6+  1-0

[Event "New York op"]
[Site "New York"]
[Date "1984.??.??"]
[Round "4"]
[White "London, Dimitri"]
[Black "Kudrin, Sergey"]
[Result "1-0"]
[WhiteElo "2335"]
[BlackElo "2520"]

1.Nf3 c5 2.g3 g6 3.Bg2 Bg7 4.O-O Nc6 5.c4 Nh6 6.Nc3 Nf5 7.a3 O-O 8.Rb1 a5
9.b3 d6 10.Bb2 e5 11.e3 Be6 12.Nd5 Rb8 13.d3 b5 14.Nd2 Nfe7 15.Qc2 f5 16.f4 b4
17.a4 Rc8 18.Rbe1 Kh8 19.Qd1 Bg8 20.Qa1 Re8 21.h3 h6 22.g4 Kh7 23.Rf2 Be6
24.g5 Ng8 25.Nf3 h5 26.Nh4 Rf8 27.Kh1 Rf7 28.Bf3 Nce7 29.Kh2 Bxd5 30.cxd5 exf4
31.exf4 Bxb2 32.Qxb2 Qd7 33.Re6 Rg7 34.Qe2 Kh8 35.Rf1 Rd8 36.Re1 Qc7 37.Bxh5 gxh5
38.g6 Nf6 39.Rxf6 Nxd5 40.Qxh5+ Kg8 41.Rfe6 Rf8 42.Re8 Nf6 43.Rxf8+ Kxf8
44.Qxf5 Qd8 45.Re6 c4 46.Rxf6+  1-0

[Event "New York op"]
[Site "New York"]
[Date "1984.??.??"]
[Round "6"]
[White "Watson, John L"]
[Black "Kudrin, Sergey"]
[Result "0-1"]
[WhiteElo "2420"]
[BlackElo "2520"]

1.c4 c5 2.Nc3 b6 3.Nf3 Bb7 4.e4 d6 5.d4 cxd4 6.Nxd4 e6 7.g3 Nf6 8.Bg2 a6
9.O-O Qc7 10.g4 h6 11.Be3 Nbd7 12.h3 Ne5 13.b3 g5 14.Rc1 Be7 15.f4 gxf4 16.Rxf4 Nfd7
17.Qd2 h5 18.Rcf1 hxg4 19.Rxf7 Nxf7 20.Nxe6 Qc8 21.Nd5 Bxd5 22.Qxd5 Nde5
23.Bxb6 gxh3 24.Nc7+ Kf8 25.Ne6+ Kg8 26.Nc7 hxg2 27.Rf2 Rh1+  0-1

[Event "New York op"]
[Site "New York"]
[Date "1984.??.??"]
[Round "9"]
[White "Kudrin, Sergey"]
[Black "McCambridge, Vincent"]
[Result "1-0"]
[WhiteElo "2520"]
[BlackElo "2465"]

1.e4 c5 2.Nf3 d6 3.d4 cxd4 4.Nxd4 Nf6 5.Nc3 g6 6.g3 Nc6 7.Nde2 b6 8.Bg2 Ba6
9.O-O Bg7 10.h3 Rc8 11.Re1 O-O 12.a4 Nb4 13.Bg5 h6 14.Be3 Kh7 15.Qd2 e6 16.Nd4 Bb7
17.Ndb5 d5 18.Nxa7 d4 19.Nxc8 Qxc8 20.Bxd4 Rd8 21.Nd5 Nbxd5 22.exd5 Rxd5
23.Rad1 Rh5 24.Qc3 Qa8 25.Bxb7 Qxb7 26.Bxf6 Rxh3 27.f3 Bxf6 28.Qxf6 Qc7 29.Re5 Rxg3+
30.Kf2 Rh3 31.Rd8 Qxc2+ 32.Re2 Qc5+ 33.Kg2  1-0

[Event "Titograd"]
[Site "Titograd"]
[Date "1984.??.??"]
[Round "?"]
[White "Kudrin, Sergey"]
[Black "Djuric, Stefan"]
[Result "1-0"]
[WhiteElo "2520"]
[BlackElo "2500"]

1.e4 e5 2.Nf3 Nc6 3.Bc4 Nf6 4.d3 Be7 5.Bb3 d6 6.c3 O-O 7.O-O a6 8.Nbd2 b5
9.Re1 Qd7 10.Nf1 Nh5 11.d4 g6 12.Bh6 Re8 13.Ne3 Bf8 14.Bxf8 Kxf8 15.a4 Rb8
16.axb5 axb5 17.Ng5 exd4 18.cxd4 f6 19.Ne6+ Rxe6 20.Bxe6 Qxe6 21.d5 Qxe4
22.dxc6 Qxc6 23.Rc1 Qd7 24.Nd5 c5 25.Re7 Qxe7 26.Nxe7 Kxe7 27.Ra1 Nf4 28.Qd2 g5
29.Qc2 Ng6 30.Qe4+ Ne5 31.Qxh7+ Ke6 32.Qc7 Nd7 33.Re1+  1-0

[Event "Titograd"]
[Site "Titograd"]
[Date "1984.??.??"]
[Round "?"]
[White "Kudrin, Sergey"]
[Black "Ivanovic, Bozidar"]
[Result "0-1"]
[WhiteElo "2520"]
[BlackElo "2525"]

1.e4 c5 2.Nf3 Nc6 3.d4 cxd4 4.Nxd4 Nf6 5.Nc3 d6 6.g3 g6 7.Nde2 Bg7 8.Bg2 O-O
9.O-O Bd7 10.h3 Rc8 11.a4 Nb4 12.Be3 a5 13.Qd2 Be6 14.Rfd1 Nd7 15.Nd4 Ne5
16.b3 Nec6 17.Ndb5 f5 18.Rac1 Kh8 19.Bh6 Bxh6 20.Qxh6 Ne5 21.Nd4 Bg8 22.Nd5 Nbc6
23.Ne2 fxe4 24.Bxe4 Bxd5 25.Bxd5 Qb6 26.Nf4 Nd4 27.c4 Nf5 28.Qg5 h6 29.Nxg6+ Kg7
30.Qd2 Nxg6 31.Be6 Rc5 32.Qb2+ Kh7 33.h4 Re5 34.Bd5 h5 35.Rd2 Ng7 36.Kg2 Nf5
37.Qc2 Kg7 38.Qb2 Rf6 39.Rc3 e6 40.Bf3 Qc7 41.Kh2 b6 42.Rcd3 Re1 43.Bxh5 Ne5
44.Rc3 Qc6 45.f3 Ne3 46.Re2 Nd1  0-1

[Event "Titograd"]
[Site "Titograd"]
[Date "1984.??.??"]
[Round "?"]
[White "Kudrin, Sergey"]
[Black "Tal, Mihail"]
[Result "1/2-1/2"]
[WhiteElo "2520"]
[BlackElo "2620"]

1.e4 c5 2.Nf3 d6 3.d4 cxd4 4.Nxd4 Nf6 5.Nc3 Nc6 6.g3 g6 7.Bg2 Nxd4 8.Qxd4 Bg7
9.O-O O-O 10.Qb4 Qc7 11.a4 Be6 12.a5 Nd7 13.Be3 Ne5 14.Nd5 Bxd5 15.exd5 Rfc8
16.c3 Qd7 17.Rfd1 h5 18.h3 Rc7 19.Bf1 Qf5 20.Bxa7 Rxa7 21.Qb6 Nf3+ 22.Kh1 Rc4
23.Qxa7 Rh4 24.gxh4 Qf4 25.Kg2 Nxh4+ 26.Kg1 Nf3+ 27.Kg2 Nh4+  1/2-1/2

[Event "Titograd"]
[Site "Titograd"]
[Date "1984.??.??"]
[Round "?"]
[White "Zapata, Alonso"]
[Black "Kudrin, Sergey"]
[Result "1/2-1/2"]
[WhiteElo "2470"]
[BlackElo "2520"]

1.e4 c5 2.Nf3 d6 3.d4 cxd4 4.Nxd4 Nf6 5.Nc3 g6 6.Be2 Bg7 7.O-O Nc6 8.Nb3 O-O
9.Bg5 a6 10.f4 b5 11.Bf3 b4 12.Na4 Qc7 13.Rf2 Rb8 14.c3 Na5 15.cxb4 Nxb3
16.Qxb3 Be6 17.Qc3 Qa7 18.Qe1 Bd7 19.Nc3 Rxb4 20.Kh1 Rfb8 21.e5 dxe5 22.fxe5 Ng4
23.Bxg4 Bxg4 24.Nd5 Rxb2 25.Nxe7+ Kf8 26.Rxb2 Rxb2 27.Qg3 Qb7 28.Qxg4 Rb1+
29.Qd1 Rxd1+ 30.Rxd1 f6 31.exf6 Bh8 32.h3 Kf7 33.Nd5 h6 34.Bxh6 Bxf6 35.Nxf6 Kxf6
36.Rf1+  1/2-1/2

[Event "Valjevo"]
[Site "Valjevo"]
[Date "1984.??.??"]
[Round "1"]
[White "Zivkovic, Vladislav"]
[Black "Kudrin, Sergey"]
[Result "0-1"]
[WhiteElo "2200"]
[BlackElo "2550"]

1.e4 c5 2.c3 d5 3.exd5 Qxd5 4.d4 Nf6 5.Nf3 e6 6.Be2 Be7 7.O-O O-O 8.c4 Qd8
9.dxc5 Nbd7 10.Nc3 Bxc5 11.Qc2 Qc7 12.Bg5 a6 13.Ne4 Be7 14.Bd3 h6 15.Nxf6+ Nxf6
16.Bh4 b6 17.Rfd1 Bb7 18.Qe2 Qc6 19.Rac1 Rfe8 20.a3 Rad8 21.Bb1 a5 22.Qc2 Qc5
23.Qe2 Rxd1+ 24.Rxd1 Qh5 25.Bg3 Rc8 26.Bd3 Bxf3 27.Qxf3 Qxf3 28.gxf3 Nh5
29.Be5 Bf6 30.Bxf6 Nxf6 31.b4 axb4 32.axb4 g5 33.Bf1 Kf8 34.h4 Ke7 35.hxg5 hxg5
36.Ra1 Nd7 37.Ra7 Kd6 38.Ra6 Kc7 39.Ra7+ Kc6 40.Be2 Rc7 41.Ra2 Ne5 42.Ra8 Rd7
43.Rc8+ Kb7 44.Rg8 Rd2 45.Bf1 Nxf3+ 46.Kg2 Nh4+ 47.Kg1 f5 48.Bg2+ Nxg2 49.Kxg2 Rd4
50.Rxg5 Rxc4 51.Rg6 Re4 52.f3 Re5 53.Kg3 Kc6 54.Kf4 Re1 55.Rg2 Kb5 56.Rb2 Kc4
57.b5 Kc3 58.Ra2 Kb4 59.Rb2+ Kc4 60.Rc2+ Kxb5 61.Rb2+ Kc6 62.Rc2+ Kb7 63.Rd2 Rc1
64.Re2 Rc6 65.Ke5 b5 66.Kf6 b4 67.Rb2 Rb6 68.Ke5 Ka6  0-1

[Event "Valjevo"]
[Site "Valjevo"]
[Date "1984.??.??"]
[Round "5"]
[White "Kostic, Vladimir"]
[Black "Kudrin, Sergey"]
[Result "0-1"]
[WhiteElo "2300"]
[BlackElo "2550"]

1.e4 c5 2.Nf3 d6 3.d4 cxd4 4.Nxd4 Nf6 5.Nc3 g6 6.Be3 Bg7 7.f3 Nc6 8.Qd2 O-O
9.O-O-O d5 10.Nxc6 bxc6 11.Bh6 Qc7 12.Bxg7 Kxg7 13.Qg5 dxe4 14.fxe4 Be6 15.Be2 Rab8
16.Qc5 a5 17.g3 Qb7 18.Na4 Bxa2 19.Qa3 Be6 20.Nc5 Qb4 21.Qxb4 Rxb4 22.c3 Rb6
23.Nxe6+ fxe6 24.e5 Nd5 25.c4 Rf2 26.cxd5 Rxe2 27.d6 Rbxb2 28.Rd3 Ra2 29.Kd1 exd6
30.exd6 Reb2 31.Ke1 Ra1+ 32.Rd1 Rxd1+ 33.Kxd1 Rb5 34.Ke2 Rd5 35.Ra1 Kf7  0-1

[Event "Valjevo"]
[Site "Valjevo"]
[Date "1984.??.??"]
[Round "6"]
[White "Kudrin, Sergey"]
[Black "Campos Moreno, Javier B"]
[Result "1-0"]
[WhiteElo "2550"]
[BlackElo "2415"]

1.e4 c5 2.Nf3 d6 3.d4 cxd4 4.Nxd4 Nf6 5.Nc3 Nc6 6.g3 Bg4 7.f3 Bd7 8.Be3 a6
9.Qd2 e6 10.g4 h6 11.O-O-O Qc7 12.Kb1 Be7 13.h4 O-O-O 14.Rg1 g6 15.Nb3 b5
16.a4 Ne5 17.axb5 Nxf3 18.Qg2  1-0

[Event "Valjevo"]
[Site "Valjevo"]
[Date "1984.??.??"]
[Round "7"]
[White "Akesson, Ralf"]
[Black "Kudrin, Sergey"]
[Result "1-0"]
[WhiteElo "2430"]
[BlackElo "2550"]

1.Nf3 Nf6 2.g3 d5 3.Bg2 Bf5 4.c4 e6 5.Qb3 Na6 6.d3 Nc5 7.Qc2 c6 8.Nh4 Bg4
9.h3 Bh5 10.Nd2 Be7 11.g4 Bg6 12.Nxg6 hxg6 13.b3 O-O 14.Bb2 Rc8 15.O-O Ncd7
16.f4 Bc5+ 17.d4 Bd6 18.c5 Bb8 19.e3 Kh7 20.Bf3 Rh8 21.Kg2 Kg8 22.Rh1 Rh4
23.g5 Nh7 24.Bg4 Nxg5 25.fxg5 Qxg5 26.Rag1 Nf6 27.Nf3 Nxg4 28.hxg4 Rxh1 29.Kxh1 Qxe3
30.Kg2 f6 31.Rf1 Qf4 32.Ne5 Qe4+ 33.Qxe4 dxe4 34.Nxg6 Kf7 35.Ne5+ Ke7 36.Ng6+ Kf7
37.Ne5+ Ke7 38.Nc4 Rf8 39.Na5 f5 40.Nxb7 Rh8 41.Nd6 g6 42.d5 Rh7 43.dxc6 Bxd6
44.Bf6+ Kxf6 45.cxd6 Rh8 46.c7  1-0

[Event "Valjevo"]
[Site "Valjevo"]
[Date "1984.??.??"]
[Round "9"]
[White "Kudrin, Sergey"]
[Black "Vujic, Branimir"]
[Result "1-0"]
[WhiteElo "2550"]
[BlackElo "2200"]

1.e4 e5 2.Nf3 Nc6 3.Bc4 Nf6 4.d3 d5 5.exd5 Nxd5 6.O-O Be7 7.h3 g5 8.Re1 f6
9.Bxg5 fxg5 10.Nxe5 Nxe5 11.Rxe5 Nf4 12.Nc3 Kf8 13.g3 Ng6 14.Rd5 Qe8 15.Qh5 Kg7
16.Re1 Qf8 17.Re2 c6 18.Rd4 Qf6 19.Rde4 Bf5 20.R4e3 Bc5 21.Rf3 Rhf8 22.Ne4 Bg4
23.Nxf6 Bxh5 24.Nxh5+ Kh6 25.Nf6 Kg7 26.Nh5+ Kh6 27.Rxf8 Rxf8 28.g4 Nf4 29.Nxf4 Rxf4
30.Kg2 Kg7 31.f3 Kf8 32.c3 Be7 33.Be6 a5 34.Bf5 a4 35.Bxh7 a3 36.Bf5 Bf6
37.d4 c5 38.dxc5 axb2 39.Rxb2 Bxc3 40.Rxb7 Rc4 41.Bd3  1-0

[Event "Valjevo"]
[Site "Valjevo"]
[Date "1984.??.??"]
[Round "11"]
[White "Kudrin, Sergey"]
[Black "Rogers, Ian"]
[Result "1/2-1/2"]
[WhiteElo "2550"]
[BlackElo "2475"]

1.e4 d5 2.exd5 Qxd5 3.Nc3 Qa5 4.d4 Nf6 5.Nf3 c6 6.Bc4 Bg4 7.h3 Bh5 8.Bd2 e6
9.g4 Bg6 10.Qe2 Bb4 11.O-O-O Nbd7 12.a3 Bxc3 13.Bxc3 Qc7 14.Ne5 Nd5 15.Bd2 O-O-O
16.Nxg6 hxg6 17.Qf3 N7f6 18.Bb3 b5 19.Kb1 Ne8 20.a4 a6 21.Bg5 Rd7 22.axb5 axb5
23.c3 Nd6 24.Kc2 Kb7 25.Ra1 Ra8 26.Bh4 Rxa1 27.Rxa1 f5 28.Bg3 Qd8 29.Bxd6 Rxd6
30.Re1 Qf6 31.Qg3 Rd8 32.Qe5 fxg4 33.hxg4 Qxf2+ 34.Re2 Qf3 35.Bxd5 Rxd5 36.Qxe6 Kb6
37.Qe8 Rd7 38.Qb8+ Ka6 39.Qc8+ Kb6 40.Qb8+ Ka6 41.Qa8+ Kb6 42.Re5 Qf2+ 43.Kb3 Qf7+
44.Kc2 Qf2+ 45.Kb3  1/2-1/2

[Event "Valjevo"]
[Site "Valjevo"]
[Date "1984.??.??"]
[Round "12"]
[White "Raicevic, Vladimir"]
[Black "Kudrin, Sergey"]
[Result "1-0"]
[WhiteElo "2395"]
[BlackElo "2550"]

1.d4 Nf6 2.c4 e6 3.Nc3 Bb4 4.e3 O-O 5.Ne2 d5 6.a3 Bd6 7.c5 Be7 8.b4 c6 9.f4 b6
10.Ng3 a5 11.Bd2 Nfd7 12.Be2 Ba6 13.O-O f5 14.Qb3 Bxe2 15.Ngxe2 Qc8 16.Rab1 Qa6
17.b5 cxb5 18.c6 Nf6 19.c7 Nbd7 20.Nxb5 Ne4 21.Rfd1 Rac8 22.Nec3 Ndf6 23.Be1 Ne8
24.Nxe4 fxe4 25.Rdc1 Qb7 26.Qc2 Nxc7 27.Nxc7 Bd8 28.Qc6 Qxc6 29.Rxc6 Rxc7
30.Rcxb6 g5 31.Rxe6 gxf4 32.Bxa5 Re7 33.Rxe7 Bxe7 34.Bb4 Bxb4 35.axb4 fxe3
36.b5 e2 37.b6 e3 38.Re1 Rb8 39.Rxe2 Rxb6 40.Rxe3 Rb1+ 41.Kf2 Rb2+ 42.Re2 Rb4
43.Ke3 Kf7 44.Ra2 h5 45.Ra7+ Kf6 46.Rd7 Ke6 47.Rh7 Rb2 48.Rh6+ Kf7 49.Kf3 Rd2
50.Rxh5 Rxd4 51.h4 Ke6 52.Rh8 Ra4 53.g4 Ra3+ 54.Kf4 Ra4+ 55.Kg5 d4 56.Re8+ Kd7
57.Re1 d3 58.h5 Ra5+ 59.Kf6 Ra6+ 60.Kf7 Rd6 61.Rd1 Rd4 62.g5 Rd5 63.g6 Rf5+
64.Kg7 Rxh5 65.Rxd3+ Ke6 66.Re3+ Kd7 67.Kf7 Rf5+ 68.Kg8 Rf4 69.Rh3 Ke6 70.g7  1-0